Fortnite Ch1 Season 1 Orte - Statistiken

Allgemein
  • Dieses Quiz wurde 48 mal gespielt
  • Das Durchschnittsergebnis liegt bei 5 aus 10
Antwortstatistiken
Hint Antwort % Korrekt
Right Side of the map Retail Row
76%
Top left corner of the map Pleasant Park
69%
Top right corner of the map Wailing Woods
67%
map centered Loot Lake
52%
upper right corner of the map Lonely Lodge
50%
slightly bottom mid of the map Fatal Fields
40%
bottom left corner of the map Greasy Grove
40%
slightly bottom left of the map Flush Factory
38%
map centered Tomato Town
38%
top mid of rhe map Anarchy Acres
36%
Keine übereinstimmenden Quizze gefunden
Verteilung der Resultate
Anzahl Personen mit jedem Resultat
Perzentil nach korrekt beantworteten Fragen
Ihre Resultats-Entwicklung
Sie haben dieses Quiz noch nicht gespielt